<?xml version="1.0" encoding="UTF-8"?>
<record
    xmlns:xsi="http://www.w3.org/2001/XMLSchema-instance"
    xsi:schemaLocation="http://www.loc.gov/MARC21/slim http://www.loc.gov/standards/marcxml/schema/MARC21slim.xsd"
    xmlns="http://www.loc.gov/MARC21/slim">

  <leader>00943nab a2200265 uc4500</leader>
  <controlfield tag="001">789440</controlfield>
  <controlfield tag="005">20240201184450.0</controlfield>
  <controlfield tag="008">021204e20021101                    spa  </controlfield>
  <datafield tag="035" ind1=" " ind2=" ">
    <subfield code="a">789440</subfield>
  </datafield>
  <datafield tag="035" ind1=" " ind2=" ">
    <subfield code="a">(OCoLC)820001670</subfield>
  </datafield>
  <datafield tag="040" ind1=" " ind2=" ">
    <subfield code="c">comduadb</subfield>
  </datafield>
  <datafield tag="041" ind1=" " ind2=" ">
    <subfield code="a">spa</subfield>
  </datafield>
  <datafield tag="100" ind1="1" ind2="0">
    <subfield code="a">Vassie, Luise</subfield>
    <subfield code="4">aut</subfield>
    <subfield code="e">aut</subfield>
    <subfield code="9">367920</subfield>
  </datafield>
  <datafield tag="245" ind1="1" ind2="0">
    <subfield code="a">Administracion de la salud y la seguridad en empresas pequenas y medianas del Reino Unido y Espana : estudio comparativo</subfield>
  </datafield>
  <datafield tag="650" ind1=" " ind2=" ">
    <subfield code="a">Administraci&#xF3;n en salud</subfield>
    <subfield code="9">27635</subfield>
  </datafield>
  <datafield tag="650" ind1=" " ind2="7">
    <subfield code="a">Seguridad social</subfield>
    <subfield code="2">embne</subfield>
    <subfield code="9">35032</subfield>
  </datafield>
  <datafield tag="650" ind1=" " ind2=" ">
    <subfield code="a">Empresas medianas</subfield>
    <subfield code="9">2366</subfield>
  </datafield>
  <datafield tag="650" ind1=" " ind2=" ">
    <subfield code="a">Microempresas</subfield>
    <subfield code="9">29802</subfield>
  </datafield>
  <datafield tag="650" ind1=" " ind2=" ">
    <subfield code="a">Espa&#xF1;a</subfield>
    <subfield code="9">28211</subfield>
  </datafield>
  <datafield tag="650" ind1=" " ind2=" ">
    <subfield code="a">Reino Unido</subfield>
    <subfield code="9">51457</subfield>
  </datafield>
  <datafield tag="700" ind1="1" ind2="0">
    <subfield code="a">Tom&#xE1;s, Jos&#xE9; Manuel</subfield>
    <subfield code="4">aut</subfield>
    <subfield code="e">aut</subfield>
    <subfield code="9">365621</subfield>
  </datafield>
  <datafield tag="700" ind1="1" ind2="0">
    <subfield code="a">Oliver Germes, Amparo</subfield>
    <subfield code="4">aut</subfield>
    <subfield code="e">aut</subfield>
    <subfield code="9">365622</subfield>
  </datafield>
  <datafield tag="773" ind1="0" ind2=" ">
    <subfield code="t">Noticias de Seguridad (New Jersey)</subfield>
    <subfield code="g">Vol. 64, No. 11-12, Nov.-Dic. 2002, p. 36-42</subfield>
    <subfield code="w">379136</subfield>
    <subfield code="z">0881626</subfield>
    <subfield code="0">110761</subfield>
  </datafield>
  <datafield tag="942" ind1=" " ind2=" ">
    <subfield code="c">ARIMP</subfield>
  </datafield>
  <datafield tag="999" ind1=" " ind2=" ">
    <subfield code="c">268912</subfield>
    <subfield code="d">268912</subfield>
  </datafield>
</record>
